Hỏi áng mây chiều
Na minha lista:
| Outros Autores: | |
|---|---|
| Idioma: | Undetermined |
| Publicado em: |
NXB Hội Nhà Văn
2000
|
| Tags: |
Adicionar Tag
Sem tags, seja o primeiro a adicionar uma tag!
|
| Thư viện lưu trữ: | Trung tâm Học liệu Trường Đại học Trà Vinh |
|---|
| LEADER | 00438nam a2200181Ia 4500 | ||
|---|---|---|---|
| 001 | TVU_5437 | ||
| 008 | 210423s9999 xx 000 0 und d | ||
| 041 | |a Vie | ||
| 082 | |a 895.13 | ||
| 082 | |b Qu609d | ||
| 245 | 0 | |a Hỏi áng mây chiều | |
| 245 | 0 | |c Quỳnh Dao | |
| 260 | |b NXB Hội Nhà Văn | ||
| 260 | |c 2000 | ||
| 300 | |a 243Tr | ||
| 300 | |c 13x19cm | ||
| 700 | |a Quỳnh Dao | ||
| 980 | |a Trung tâm Học liệu Trường Đại học Trà Vinh | ||